Cuentos y leyendas de los indios americanos : antología /
Guardado en:
| Autor Principal: | |
|---|---|
| Formato: | Libro |
| Publicado: |
Buenos Aires :
Troquel,
2013
|
| Series: | íviva la tinta!
|
| Materias: | |
| Etiquetas: |
Agregar Etiqueta
Sin Etiquetas, Sea el primero en etiquetar este registro!
|
| LEADER | 01051nam a22002775a 4500 | ||
|---|---|---|---|
| 001 | CEM.cems014207 | ||
| 005 | 20140711111124.0 | ||
| 008 | 130507s2013##################000#0#####d | ||
| 003 | CEMS | ||
| 020 | |a 9789501651379 | ||
| 082 | 0 | 4 | |a 398.2 |
| 100 | 1 | |a Vieytes, Carlos | |
| 245 | 1 | 0 | |a Cuentos y leyendas de los indios americanos : |b antología / |c Compilada Por Carlos Vieytes |
| 260 | |a Buenos Aires : |b Troquel, |c 2013 | ||
| 300 | |a 128 p. | ||
| 490 | 0 | |a íviva la tinta! | |
| 505 | 0 | |a Por qué croan las ranas -- Coyote y el país de las sombras -- El hombre-pez -- Inktomi y lo mejor del mundo -- Mi lugar secreto -- La calavera que rueda -- El joven que hablaba con los pájaros -- Los ratones -- Una historia de Popol-Vuh -- El lago Títicaca -- Máximas | |
| 653 | |a Literatura | ||
| 653 | |a Literatura argentina | ||
| 653 | |a Cuentos | ||
| 653 | |a Leyendas | ||
| 653 | |a Sioux | ||
| 653 | |a Mayas | ||
| 653 | |a Ministerio de educación-colección literaria | ||
| 653 | |a Incas | ||
| 859 | |a CEMS |b BIB. CEMS - 11 de abril |h 398.2 |i V679 |p 26845.14 |t Ej.1 | ||
